Joueurs passés par le Montpellier HSC - Mort subite - Statistiques

Statistiques générales
  • Ce quiz a été pris 267 fois
  • Le résultat moyen est 13 sur 20
Answers on the Grid
Answers color-coded by a green-red scale on the quiz's grid according to % correct below.
Benjamin Stambouli
Téji Savanier
Andy Delort
Gaëtan Laborde
Elye Wahi
Olivier Giroud
Rémy Cabella
Mapou Yanga-Mbiwa
Éric Cantona
Laurent Blanc
Roger Milla
Carlos Valderrama
Júlio César
Vitorino Hilton
Benjamin Lecomte
Valère Germain
Jonas Omlin
Jean-Louis Gasset
Paul Lasne
Daniel Congré
Raphaël Guerreiro
Ludovic Magnin
Kevin Rüegg
Gennaro Gattuso
Riccardo Calafiori
Étienne Didot
Kevin Gameiro
André-Pierre Gignac
Willem Geubbels
Pablo Sarabia
Aymeric Laporte
Pierrick Capelle
Bixente Lizarazu
David Pujadas
Paul Bernardoni
Dimitri Payet
 
Statistiques - réponses
Réponse % Correct
Téji Savanier
84%
Andy Delort
80%
Elye Wahi
78%
Rémy Cabella
78%
Gaëtan Laborde
77%
Olivier Giroud
76%
Benjamin Lecomte
75%
Vitorino Hilton
74%
Benjamin Stambouli
73%
Daniel Congré
71%
Mapou Yanga-Mbiwa
68%
Valère Germain
67%
Laurent Blanc
64%
Jonas Omlin
61%
Paul Lasne
58%
Carlos Valderrama
49%
Jean-Louis Gasset
49%
Éric Cantona
42%
Roger Milla
28%
Júlio César
20%
Aucun quiz correspondant
Distribution des résultats
% des personnes avec chaque résultat
Percentile par nombre de réponses
Votre historique - résultats
Vous n’avez pas pris ce quiz